00440nam a22001692 4500001001100000005001700011008004100028020001700069040001500086100003000101245003100131250001200162260003900174300001100213650004300224852000300267000001970720151217145919.0110121s xx 000 0 eng d a9966498192 : aKABUcKABU1 aMulwa, David.@000015676110aRedemption /cDavid Mulwa. a1st ed. aNairobi, Kenya :bLonghorn,c1990. a119 p. 0aKenya literature (English)@00001796161